000 00735nas a2200241 4500
001 BR9510153
003 BR-BrBNA
005 20231205095542.0
007 ta
008 230509b bl.|||p| |||| 00| 00por d
040 _aBR-BrBNA
_bpor
_cBiblioteca Nacional de Agricultura
041 _a(En)
072 _aP35
100 1 _aErnani, P.R.
100 1 _aBarber, S.A.
245 1 _aPhosphorus availability in a low pH highly weathered soil as affected by added salts
650 _aFosforo
650 _aDisponibilidade de Nutriente
650 _aSolo Acido
773 0 _tCiencia Rural (Brazil)
_xISSN 0103-8478
_g(May-Aug 1995), v. 25(2) p. 219-222
_wBR9510153
909 _a202311
_bLúcia
_c55
_dLúcia Elande
942 _2AGRIS
_n0
_cANA
999 _c151320
_d151320